000 00823nam a2200253Ia 4500
003 OSt
005 20220923221511.0
006 a|||||r|||| 00| 0
007 ta
008 220922b |||||||| |||| 00| 0 hin d
024 _a197,777
037 _cTextual
040 _aARTS
_cARTS
_bhin
041 _2hin
_ahin
082 _aO152,8M95x, M9
100 _aअन्नपूर्णानन्द
245 0 _aअन्नपूर्णानन्द रचनावली
246 _aAnnapūrṇānanda rachanāvalī
260 _aदिल्ली
_b किताबघर
_c1989
300 _a436पृ.
_ccm.
650 _aहिन्दी साहित्य
_9156264
942 _hO152,8M95x, M9
_cTEXL
_2CC
999 _c349648
_d349648